[Event "Biella op 8th"]
[Site "Biella"]
[Date "2017.09.22"]
[Round "1"]
[White "Yao, Stefano"]
[Black "Buffa, Sabarino Pietro"]
[Result "0-1"]
[WhiteElo "2305"]
[BlackElo "2044"]
[PlyCount "78"]
[EventDate "2017.09.22"]
[EventType "swiss"]
[EventRounds "5"]
[EventCountry "ITA"]
[SourceTitle "CBM 180 Extra"]
[Source "ChessBase"]
[SourceDate "2017.10.06"]
[SourceVersion "1"]
[SourceVersionDate "2017.10.06"]
[SourceQuality "1"]

1. Nf3 Nf6 2. d4 e6 3. c4 d5 4. Nc3 c5 5. cxd5 Nxd5 6. e4 Nxc3 7. bxc3 cxd4 8. cxd4 Bb4+ 9. Bd2 Qa5 10. Rb1 Bxd2+ 11. Qxd2 Qxd2+ 12. Kxd2 0-0 13. Bb5 b6 14. Rhc1 Bb7 15. Ke3 Na6 16. Ne5 Rfc8 17. Nc4 Rd8 18. Ne5 Kf8 19. Bxa6 Bxa6 20. Rc7 f6 21. Nf7 Rdc8 22. Rbc1 Rxc7 23. Rxc7 Rc8 24. Rxa7 Bf1 25. d5 exd5 26. exd5 Re8+ 27. Kd4 Re7 28. Ra8+ Kxf7 29. Rb8 b5 30. d6 Rd7 31. Kc5 Bxg2 32. Rxb5 Ke6 33. Rb6 Ra7 34. Rb8 Ra5+ 35. Kb6 Rxa2 36. Rg8 Kxd6 37. Rxg7 Be4 38. f3 Bg6 39. h4 Rh2 0-1

[Event "Nichelino op 17th"]
[Site "Nichelino"]
[Date "2016.10.07"]
[Round "1"]
[White "Seletsky, Grigory"]
[Black "Buffa, Sabarino Pietro"]
[Result "1-0"]
[WhiteElo "2294"]
[BlackElo "1952"]
[PlyCount "119"]
[EventDate "2016.10.07"]
[EventType "swiss"]
[EventRounds "5"]
[EventCountry "ITA"]
[SourceTitle "EXT 2018"]
[Source "ChessBase"]
[SourceDate "2017.10.13"]
[SourceVersion "1"]
[SourceVersionDate "2017.10.13"]
[SourceQuality "1"]

1. e4 d6 2. Nf3 Nf6 3. Nc3 g6 4. d4 Bg7 5. h3 0-0 6. Be3 b6 7. Bd3 c5 8. e5 dxe5 9. dxe5 Nd5 10. Be4 Nc7 11. Bxa8 Nxa8 12. Qxd8 Rxd8 13. Rd1 Rxd1+ 14. Kxd1 Nc6 15. Bf4 Nc7 16. Re1 Bf5 17. Bh2 Kf8 18. g4 Bc8 19. Ng5 Kg8 20. f4 Bb7 21. f5 Nd4 22. e6 f6 23. Nf7 Nd5 24. Nxd5 Bxd5 25. c3 Nf3 26. Re2 gxf5 27. gxf5 Bxa2 28. Rf2 Ng5 29. Nxg5 fxg5 30. Bb8 a6 31. Ba7 Be5 32. Bxb6 Bd6 33. Kc2 Bd5 34. Kd3 Kg7 35. c4 Bc6 36. Ba5 Be5 37. Bc3 Kf6 38. Ke3 h5 39. Bxe5+ Kxe5 40. b3 g4 41. hxg4 hxg4 42. Ra2 Bb7 43. Ra5 Kxf5 44. Rxc5+ Kxe6 45. Rg5 Kd6 46. b4 Bc8 47. Kf4 Be6 48. Rg6 Kd7 49. c5 Bc4 50. Kxg4 e6 51. Kf4 Kc6 52. Ke5 a5 53. Kd4 Bd5 54. bxa5 Kb5 55. Rg1 Kxa5 56. Rb1 Ka6 57. Ke5 Bc4 58. Kd6 Bb5 59. Rxb5 Kxb5 60. c6 1-0

[Event "Vaujany op-A 7th"]
[Site "Vaujany"]
[Date "2016.07.21"]
[Round "6"]
[White "Buffa, Sabarino Pietro"]
[Black "Ferriz, Simon"]
[Result "1-0"]
[WhiteElo "1818"]
[BlackElo "1969"]
[PlyCount "49"]
[EventDate "2016.07.16"]
[EventType "swiss"]
[EventRounds "9"]
[EventCountry "FRA"]
[SourceTitle "EXT 2019"]
[Source "ChessBase"]
[SourceDate "2018.10.10"]
[SourceVersion "1"]
[SourceVersionDate "2018.10.10"]
[SourceQuality "1"]

1. e4 c5 2. Nf3 g6 3. d4 cxd4 4. Nxd4 Bg7 5. Nc3 Nc6 6. Be3 Nf6 7. h4 0-0 8. Qd2 Ng4 9. 0-0-0 Nxd4 10. Bxd4 Bh6 11. Be3 Nxe3 12. fxe3 d6 13. e5 Be6 14. exd6 Qb6 15. Nd5 Bxd5 16. Qxd5 exd6 17. Bc4 Bxe3+ 18. Kb1 Rac8 19. Bb3 Bf4 20. Rdf1 Rc5 21. Qd3 Be5 22. h5 Bg7 23. hxg6 hxg6 24. Qxg6 Qxb3 25. Qh7# 1-0

[Event "Nichelino op 16th"]
[Site "Nichelino"]
[Date "2015.10.04"]
[Round "5"]
[White "Yao, Stefano"]
[Black "Buffa, Sabarino Pietro"]
[Result "1-0"]
[WhiteElo "2207"]
[BlackElo "1778"]
[PlyCount "43"]
[EventDate "2015.10.02"]
[EventType "swiss"]
[EventRounds "5"]
[EventCountry "ITA"]
[SourceTitle "EXT 2018"]
[Source "ChessBase"]
[SourceDate "2017.10.13"]
[SourceVersion "1"]
[SourceVersionDate "2017.10.13"]
[SourceQuality "1"]

1. d4 Nf6 2. c4 g6 3. Nf3 Bg7 4. g3 0-0 5. Bg2 d6 6. 0-0 c5 7. Nc3 cxd4 8. Nxd4 a6 9. b3 Qc7 10. Bg5 Nc6 11. Bxf6 Bxf6 12. Nd5 Qd8 13. Nxf6+ exf6 14. Nxc6 bxc6 15. Bxc6 Ra7 16. Qd4 Rc7 17. Bg2 Qe7 18. e3 Bf5 19. Rfd1 Rd8 20. Rd2 Rcd7 21. Rad1 Qe5 22. Bc6 1-0

[Event "Vaujany op-A 6th"]
[Site "Vaujany"]
[Date "2015.07.13"]
[Round "5"]
[White "Grange, Vermeer"]
[Black "Buffa, Sabarino Pietro"]
[Result "0-1"]
[WhiteElo "1900"]
[BlackElo "1844"]
[PlyCount "88"]
[EventDate "2015.07.09"]
[EventType "swiss"]
[EventRounds "9"]
[EventCountry "FRA"]
[SourceTitle "EXT 2018"]
[Source "ChessBase"]
[SourceDate "2017.10.13"]
[SourceVersion "1"]
[SourceVersionDate "2017.10.13"]
[SourceQuality "1"]

1. d4 Nf6 2. Nf3 g6 3. c4 Bg7 4. Nc3 0-0 5. Bf4 d6 6. e3 Nbd7 7. Be2 h6 8. h3 Re8 9. Bh2 e5 10. dxe5 dxe5 11. Nxe5 Ne4 12. Nxe4 Nxe5 13. Qxd8 Rxd8 14. 0-0 Bf5 15. Nc5 Rd2 16. f4 Rxe2 17. fxe5 Bf8 18. Na4 Rd8 19. Rf2 Rxe3 20. Rc1 Bg7 21. e6 Bxe6 22. Bxc7 Rc8 23. Bf4 Bd4 24. Rd1 Re4 25. Rxd4 Rxd4 26. b3 h5 27. Be3 Rd1+ 28. Kh2 b6 29. Nc3 Rd3 30. Bd2 a6 31. Be1 b5 32. cxb5 Rcxc3 33. Bxc3 Rxc3 34. bxa6 Rc6 35. Kg3 Rxa6 36. Kf4 Ra5 37. Ke4 Kf8 38. Rd2 Ke7 39. Ke3 Kf6 40. Kd4 Rd5+ 41. Kc3 Rxd2 42. Kxd2 Ke5 43. Kc3 Kd6 44. Kb4 Kc6 0-1

[Event "Torino Carnevale op 2nd"]
[Site "Torino"]
[Date "2015.02.15"]
[Round "4"]
[White "Buffa, Sabarino Pietro"]
[Black "Davi, Alessandro"]
[Result "0-1"]
[WhiteElo "1854"]
[BlackElo "2123"]
[PlyCount "64"]
[EventDate "2015.02.13"]
[EventType "swiss"]
[EventRounds "6"]
[EventCountry "ITA"]
[SourceTitle "EXT 2017"]
[Source "ChessBase"]
[SourceDate "2016.10.25"]
[SourceVersion "1"]
[SourceVersionDate "2016.10.25"]
[SourceQuality "1"]

1. c4 Nf6 2. Nf3 e6 3. g3 d5 4. cxd5 exd5 5. d4 Be7 6. Bg2 0-0 7. Nc3 c6 8. 0-0 Nbd7 9. a3 a5 10. Qc2 Re8 11. e3 Bd6 12. Bd2 Nf8 13. Na4 Ne4 14. Nc5 Bxc5 15. dxc5 a4 16. Bb4 Qf6 17. Nd2 Nxd2 18. Qxd2 Ng6 19. Bc3 Qe7 20. Bd4 Bf5 21. Qe2 Ne5 22. Qh5 Bg6 23. Qxe5 Qxe5 24. Bxe5 Rxe5 25. Rac1 Ra5 26. Rfd1 h5 27. Bf1 f6 28. Rd4 Re4 29. Kg2 Kf7 30. Rc3 Rxd4 31. exd4 Bf5 32. f3 Ra8 0-1

[Event "Torino op 37th"]
[Site "Torino"]
[Date "2011.11.01"]
[Round "5"]
[White "Buffa, Sabarino Pietro"]
[Black "Araniti, Michelangelo"]
[Result "1/2-1/2"]
[WhiteElo "1539"]
[BlackElo "1765"]
[PlyCount "93"]
[EventDate "2011.10.29"]
[EventType "swiss"]
[EventRounds "6"]
[EventCountry "ITA"]
[SourceTitle "EXT 2018"]
[Source "ChessBase"]
[SourceDate "2017.10.13"]
[SourceVersion "1"]
[SourceVersionDate "2017.10.13"]
[SourceQuality "1"]

1. e4 e6 2. d4 d5 3. exd5 exd5 4. c4 Nf6 5. Nc3 c6 6. Nf3 h6 7. Be3 Qa5 8. a3 dxc4 9. Bxc4 b5 10. Bd3 Be6 11. 0-0 Be7 12. Ne5 Qc7 13. Bf4 Qb7 14. Qf3 a6 15. Rac1 Nd5 16. Be4 Bf6 17. Rc2 0-0 18. Rfc1 Bxe5 19. Bxe5 Nd7 20. Nxd5 Nxe5 21. Ne7+ Qxe7 22. dxe5 Bd7 23. Re2 Qg5 24. Qe3 Rac8 25. Qxg5 hxg5 26. h3 Rc7 27. Rc5 Rfc8 28. Re3 Kf8 29. Rg3 f6 30. exf6 gxf6 31. Rf3 Ke7 32. Rd3 a5 33. b4 a4 34. Kf1 Be6 35. Re3 Kd6 36. Rd3+ Ke7 37. Re3 Kd6 38. Rf3 Ke7 39. Bf5 Rd8 40. Re3 Rd6 41. Bxe6 Rxe6 42. Rxe6+ Kxe6 43. Ke2 Kd6 44. Kf3 Re7 45. Rf5 Ke6 46. Rc5 Kd6 47. Rf5 1/2-1/2